000
00296nam a2200133Ia 4500
008
231129s1972||||xx |||||||||||||| ||spa||
040
_b
spa
082
_a
A863.4 B938b
100
_a
Bullrich Silvana
245
0
_a
Los burgueses
260
_c
1972
264
_a
Sudamericana
942
_2
ddc
_c
BKS
999
_c
19515
_d
19515